000 01032nam0a22003251 4500
001 rc\2279777
005 20250623041418.0
035 _a(NLR Aleph) 006559237
090 _a6825438
_c6825438
100 _a20110829d1977 |||y0rusy50 ca
101 0 _arus
102 _aRU
105 _aa z |||||
200 1 _aЗеленый патруль
_fР.В. Бобров
210 _aМосква
_cПросвещение
_d1977
215 _a144 с.
_cил.
_d20
225 1 _aПособие для учителей
320 _aСписок лит.: с. 143
606 _aЛесоводство
_2psbo
606 _aПрофессиональная ориентация в школе
_2psbo
686 _aч421,6(2)385.623.7
_2rubbk
686 _aч421,6(2)202.5
_2rubbk
700 1 _aБобров
_bР.В.
_gРэм Васильевич
801 0 _aRU
_bNLR
_gpsbo
801 1 _aRU
_bELAR
_2rusmarc
852 _aNLR
_j77-3/6653
899 _aRuMoRGB
_jБ 77-23/1791
899 _aRuMoRGB
_jБ 77-23/1792
942 _cBOOK
980 _aNB